00743nam a2200241 a 4500001001300000003000900013005001700022008004100039020002500080082001500105100001900120245005700139260002500196300000900221500003500230505001200265650003500277700001900312902000800331942000700339952014000346999001500486nice12345678IN_TiNIC20260116012242.0050524s1986 lona grp 000 0 eng  a0281403 c904.500a291.2bCRA aCragg, Kenneth aChrist and the Faithsb Theology in Cross-Reference. aLondon bSPCK c1986 a360p aincludes index and biblioraphy2 aIndices aComparative Religion-Doctrines1 aCragg, Kenneth bSRS cBK 001040708StackRoom-aHMIbHMId2007-07-18g904.50l2o291.2 CRAp014855q2026-02-24r2026-02-10s2026-02-10v904.50w2005-05-24yBK c6244d6244